35 años de Joan Miró / (Record no. 10158)

MARC details
000 -LEADER
campo de control de longitud fija 00806nam a2200265 i 4500
001 - NÚMERO DE CONTROL
campo de control 10158
003 - IDENTIFICADOR DE NÚMERO DE CONTROL
campo de control ES-MaACL
005 - FECHA Y HORA DE LA ÚLTIMA TRANSACCIÓN
campo de control 20230906145830.0
007 - CAMPO FIJO DE DESCRIPCIÓN FÍSICA--INFORMACIÓN GENERAL
campo de control de longitud fija t|
008 - DATOS DE LONGITUD FIJA--INFORMACIÓN GENERAL
campo de control de longitud fija 950313s1994 sp ||||1| spa d
020 ## - NÚMERO INTERNACIONAL ESTÁNDAR DEL LIBRO
Número Internacional Estándar del Libro 84-87265-57-X
080 ## - NÚMERO DE LA CLASIFICACIÓN DECIMAL UNIVERSAL
Número de la Clasificación Decimal Universal 7 Miró, Joan
080 ## - NÚMERO DE LA CLASIFICACIÓN DECIMAL UNIVERSAL
Número de la Clasificación Decimal Universal 75(46)"1893/1983"Miró, Joan
100 1# - ENTRADA PRINCIPAL--NOMBRE DE PERSONA
Nombre de persona Santos Torroella, Rafael.
9 (RLIN) 103536
245 10 - MENCIÓN DEL TÍTULO
Título 35 años de Joan Miró /
Mención de responsabilidad, etc. Rafael Santos Torroella ; presentación Rosa María Malet.
250 ## - MENCION DE EDICION
Mención de edición [1ª ed.].
260 ## - PUBLICACIÓN, DISTRIBUCIÓN, ETC.
Lugar de publicación, distribución, etc. Barcelona :
Nombre del editor, distribuidor, etc. Parsifal,
Fecha de publicación, distribución, etc. 1994.
300 ## - DESCRIPCIÓN FÍSICA
Extensión 159 p., [24] p. de lám. :
Otras características físicas il. ;
Dimensiones 21 cm.
490 1# - MENCIÓN DE SERIE
Mención de serie Figuras ;
Designación de volumen o secuencia 30
600 14 - PUNTO DE ACCESO ADICIONAL DE MATERIA--NOMBRE DE PERSONA
Nombre de persona Miró, Joan.
9 (RLIN) 81604
700 1# - ENTRADA AGREGADA--NOMBRE PERSONAL
Nombre de persona Malet, Rosa María.
9 (RLIN) 75756
830 0# - PUNTO DE ACCESO ADICIONAL DE SERIE-TÍTULO UNIFORME
Título uniforme Figuras ;
Designación de volumen o secuencia 30
9 (RLIN) 178642
852 ## - LOCALIZACIÓN
Ubicación ES-MaACL
Número de control de estantería L-17703
Sublocalización o colección R.123242
Holdings
Estatus retirado Estado de pérdida Estado de daño No para préstamo Biblioteca de origen Biblioteca actual Ubicación en estantería Fecha de adquisición Fuente de adquisición Total de préstamos Signatura topográfica completa Código de barras Visto por última vez Precio de reemplazo Tipo de ítem Koha
        Biblioteca del Ateneo de Madrid Biblioteca del Ateneo de Madrid Depósito 2 17/01/2008     L-17703 1010367 23/02/2023 23/02/2023 Libro impreso